| 000 | 00947nac a22002537a 4500 | ||
|---|---|---|---|
| 001 | BR8007589 | ||
| 003 | BR-BrBNA | ||
| 005 | 20240105114846.0 | ||
| 008 | 230509b bl.|||m| |||| 00| 0 por d | ||
| 040 |
_aBR-BrBNA _bpor _cBiblioteca Nacional de Agricultura |
||
| 072 | _aJ10 | ||
| 090 | _aJ10 BR8007589 | ||
| 100 | 1 | _aOliveira, J. de | |
| 110 | 1 |
_aCompanhia Brasileira de Armazenamento, Brasilia, DF (Brasil). Depto. de Operacoes de Unidades de Meio Ambiente Natural _92308 |
|
| 245 | 1 | _aInformativo tecnico DENAT. 6. explosao e incendio em unidades de armazenagem e processamento [Departamento de Operacoes de Unidades de Meio Ambiente Natural] | |
| 260 | 3 |
_aBrasilia, DF (Brasil): _c[nd]. |
|
| 300 | _a17 p. | ||
| 490 |
_aInformativo Tecnico DENAT (Brazil) _vno. 6 _x |
||
| 500 | _aPublished after 1980 | ||
| 650 | _aARMAZEM | ||
| 650 | _aCONTROLE FISICO | ||
| 909 |
_a202312 _bLúcia Elande _c55 _dLúcia Elande |
||
| 942 |
_2AGRIS _n0 _cMS |
||
| 999 |
_c271710 _d271710 |
||